[Event "25th Czech Open A 2014"]
[Site "Pardubice CZE"]
[Date "2014.07.24"]
[Round "7.8"]
[White "Kanmazalp, Ogulcan"]
[Black "Gopal, G.N."]
[Result "1/2-1/2"]
[WhiteTitle "IM"]
[BlackTitle "GM"]
[WhiteElo "2412"]
[BlackElo "2544"]
[WhiteFideId "6304990"]
[BlackFideId "5015693"]
[EventDate "2014.07.18"]

1. e4 c5 2. Nf3 e6 3. d4 cxd4 4. Nxd4 Nc6 5. Nc3 Qc7 6. Be3 a6 7. Qd2 Nf6 8. f4
Bb4 9. Bd3 Na5 10. a3 Bxc3 11. Qxc3 Qxc3+ 12. bxc3 d5 13. exd5 Nxd5 14. Bd2 Nb6
15. Rb1 Nbc4 16. Nb3 Nxb3 17. Rxb3 Nxd2 18. Kxd2 b5 19. c4 bxc4 20. Bxc4 Ke7 21.
Rhb1 Rd8+ 22. Rd3 Rd6 23. Rxd6 Kxd6 24. Bd3 1/2-1/2

[Event "25th Czech Open A 2014"]
[Site "Pardubice CZE"]
[Date "2014.07.24"]
[Round "7.9"]
[White "Yagupov, Igor"]
[Black "Krejci, Jan2"]
[Result "1/2-1/2"]
[WhiteTitle "GM"]
[BlackTitle "GM"]
[WhiteElo "2410"]
[BlackElo "2528"]
[WhiteFideId "4113632"]
[BlackFideId "322156"]
[EventDate "2014.07.18"]

1. e4 e5 2. Nf3 Nc6 3. Bb5 a6 4. Ba4 Nf6 5. O-O Be7 6. d3 b5 7. Bb3 O-O 8. Nc3
d6 9. a3 Bg4 10. Be3 Nd4 11. Bxd4 exd4 12. Nd5 c5 13. h3 Be6 14. Nxf6+ Bxf6 15.
Bxe6 fxe6 16. Qe2 Be5 17. g3 Ra7 18. Nh2 Bf6 19. f4 Rc7 20. a4 c4 21. axb5 axb5
22. Qg4 Qc8 23. e5 dxe5 24. fxe5 Be7 25. Rxf8+ Bxf8 26. Rf1 cxd3 27. cxd3 Rc1
28. h4 Rxf1+ 29. Nxf1 Qc6 30. Qd1 Qd5 31. Nd2 1/2-1/2

[Event "25th Czech Open A 2014"]
[Site "Pardubice CZE"]
[Date "2014.07.24"]
[Round "7.10"]
[White "Kriebel, Tadeas"]
[Black "Chernyshov, Konstantin"]
[Result "1/2-1/2"]
[WhiteTitle "IM"]
[BlackTitle "GM"]
[WhiteElo "2398"]
[BlackElo "2508"]
[WhiteFideId "330027"]
[BlackFideId "4117328"]
[EventDate "2014.07.18"]

1. e4 e6 2. d4 d5 3. Nc3 dxe4 4. Nxe4 Bd7 5. Nf3 Bc6 6. Bd3 Nd7 7. O-O Ngf6 8.
Ng3 Be7 9. Qe2 Bxf3 10. Qxf3 c6 11. b3 O-O 12. Bb2 Re8 13. c4 Nf8 14. Ne2 Qa5
15. a3 Rad8 16. b4 Qc7 17. Rfd1 Rd7 18. g3 Red8 19. h4 a6 20. Kg2 Ra8 21. Bc3
Rdd8 22. a4 b6 23. Rac1 Qd7 24. Nf4 Ng6 25. Nh5 Nxh5 26. Qxh5 b5 27. axb5 axb5
28. cxb5 cxb5 29. Qxb5 Qxb5 30. Bxb5 Rab8 31. Bc6 Bxb4 32. Bxb4 Rxb4 1/2-1/2

[Event "25th Czech Open A 2014"]
[Site "Pardubice CZE"]
[Date "2014.07.24"]
[Round "7.11"]
[White "Vavulin, Maksim"]
[Black "Wagner, Dennis"]
[Result "1/2-1/2"]
[WhiteTitle "IM"]
[BlackTitle "IM"]
[WhiteElo "2393"]
[BlackElo "2485"]
[WhiteFideId "4169530"]
[BlackFideId "24650684"]
[EventDate "2014.07.18"]

1. e4 e5 2. Nf3 Nc6 3. Bb5 Nf6 4. O-O Nxe4 5. Re1 Nd6 6. Nxe5 Be7 7. Bf1 Nf5 8.
Nf3 O-O 9. d4 d5 10. c3 h6 11. Nbd2 Bd6 12. Bd3 Be6 13. Nf1 Qf6 14. Bd2 Rae8 15.
Qb3 Nd8 16. Re2 Re7 17. Rae1 Rfe8 18. Ne5 c5 19. dxc5 Bxc5 20. Ng4 Qh4 21. Bxf5
Bxf5 22. Rxe7 Bxe7 23. Nge3 Be6 24. Qb5 Rf8 25. Nxd5 Bd6 26. c4 Nc6 27. Qxb7 Ne5
28. Re4 Ng4 29. g3 Qh5 30. Bc3 Qf5 31. Re2 Bc5 32. Nde3 Nxe3 33. Nxe3 Bxe3 34.
Rxe3 Bxc4 35. Qxa7 Qh3 36. Re1 Bd5 37. f3 Bxf3 38. Qf2 Ba8 39. a3 Rd8 40. Qe2
Qd7 41. Qe5 Qa7+ 42. Kf1 f6 43. Qe7 Qa6+ 44. Kf2 Qb6+ 45. Re3 Kh7 46. h4 Rd1 47.
Ke2 Qb3 48. Bd2 Qc2 49. Qd8 Rb1 50. Qxa8 Qd1+ 51. Kd3 Qb3+ 52. Ke2 Qd1+ 53. Kd3
Qb3+ 54. Ke2 1/2-1/2

[Event "25th Czech Open A 2014"]
[Site "Pardubice CZE"]
[Date "2014.07.24"]
[Round "7.12"]
[White "Firat, Burak"]
[Black "Tomazini, Zan"]
[Result "0-1"]
[WhiteTitle "IM"]
[BlackTitle "FM"]
[WhiteElo "2458"]
[BlackElo "2313"]
[WhiteFideId "6305881"]
[BlackFideId "14608162"]
[EventDate "2014.07.18"]

1. e4 g6 2. d4 Bg7 3. Nc3 d6 4. Be3 a6 5. Nf3 b5 6. Bd3 Bb7 7. e5 Nh6 8. e6 fxe6
9. Ng5 Kd7 10. Be4 Bxe4 11. Ncxe4 Qg8 12. c4 c6 13. Qb3 Ng4 14. a4 h6 15. Nf3
Qc8 16. O-O bxc4 17. Qxc4 a5 18. Rad1 Nf6 19. Ng3 Na6 20. Bd2 Nc7 21. Rfe1 Nfd5
22. Qc2 g5 23. Nh5 Qf8 24. Rc1 Ra6 25. Qc4 Qf7 26. Nxg7 Qxg7 27. Bxa5 Rxa5 28.
b4 Ra6 29. b5 cxb5 30. axb5 Rb6 31. Ra1 Ra8 32. Rxa8 Nxa8 33. Qa4 Nac7 34. Nd2
Nc3 35. Qa5 N3d5 36. Qa4 Kd8 0-1

[Event "25th Czech Open A 2014"]
[Site "Pardubice CZE"]
[Date "2014.07.24"]
[Round "7.13"]
[White "Mozharov, Mikhail"]
[Black "Kohlweyer, Bernd"]
[Result "1-0"]
[WhiteTitle "GM"]
[BlackTitle "IM"]
[WhiteElo "2540"]
[BlackElo "2422"]
[WhiteFideId "4189825"]
[BlackFideId "4600622"]
[EventDate "2014.07.18"]

1. Nf3 d5 2. g3 g6 3. Bg2 Bg7 4. d4 c6 5. O-O Nf6 6. Nbd2 a5 7. c4 a4 8. cxd5
cxd5 9. Nb1 O-O 10. Nc3 Qa5 11. Bd2 Nc6 12. e3 e6 13. b3 axb3 14. axb3 Qxa1 15.
Qxa1 Rxa1 16. Rxa1 Rd8 17. Ne1 Bf8 18. Nd3 Nd7 19. Nb5 b6 20. e4 dxe4 21. Bxe4
Bb7 22. Bg5 f6 23. Be3 Nxd4 24. Bxb7 Nxb5 25. Nf4 Nc5 26. Bxc5 Bxc5 27. Nxe6 Rd2
28. Nxc5 bxc5 29. Rc1 Nd6 30. Bc6 f5 31. Rxc5 Ne4 32. Bxe4 fxe4 33. Rc7 1-0

[Event "25th Czech Open A 2014"]
[Site "Pardubice CZE"]
[Date "2014.07.24"]
[Round "7.14"]
[White "Roeder, Matthias"]
[Black "Saric, Ante"]
[Result "1/2-1/2"]
[WhiteTitle "IM"]
[BlackTitle "GM"]
[WhiteElo "2423"]
[BlackElo "2536"]
[WhiteFideId "4600223"]
[BlackFideId "14506254"]
[EventDate "2014.07.18"]

1. Nf3 c5 2. c4 Nc6 3. d4 cxd4 4. Nxd4 Nf6 5. Nc3 e6 6. a3 Bc5 7. Nb3 Be7 8. e4
O-O 9. Bf4 b6 10. Be2 d6 11. O-O Bb7 12. Bg3 Rc8 13. Kh1 a6 14. f4 Nd7 15. Nd2
Nd4 16. Bd3 Nc5 17. Bb1 b5 18. Bf2 Bf6 19. e5 dxe5 20. fxe5 Bxe5 21. Bxh7+ Kxh7
22. Qh5+ Kg8 23. Qxe5 Ndb3 24. Nxb3 Nxb3 25. Rad1 Qc7 26. Qxc7 Rxc7 27. cxb5
axb5 28. Bg3 Rc6 29. Nxb5 Ba6 1/2-1/2

[Event "25th Czech Open A 2014"]
[Site "Pardubice CZE"]
[Date "2014.07.24"]
[Round "7.15"]
[White "Stefansson, Hannes"]
[Black "Westerberg, Jonathan"]
[Result "1-0"]
[WhiteTitle "GM"]
[BlackTitle "FM"]
[WhiteElo "2536"]
[BlackElo "2412"]
[WhiteFideId "2300087"]
[BlackFideId "1701754"]
[EventDate "2014.07.18"]

1. d4 Nf6 2. c4 e6 3. Nc3 Bb4 4. Nf3 Ne4 5. Qc2 f5 6. Nd2 Bxc3 7. bxc3 Nxd2 8.
Bxd2 O-O 9. g3 d6 10. Bg2 Nc6 11. O-O e5 12. c5 e4 13. cxd6 cxd6 14. f3 d5 15.
fxe4 fxe4 16. Rxf8+ Qxf8 17. Qb3 Qf7 18. Rf1 Qe6 19. g4 Qxg4 20. Qxd5+ Be6 21.
Qb5 Rf8 22. Rxf8+ Kxf8 23. d5 Qh5 24. c4 Qxe2 25. Qc5+ Kg8 26. Qe3 Qxc4 27. Qxe4
Qxe4 28. Bxe4 Bf7 29. dxc6 bxc6 30. a3 Bd5 31. Bc2 Bc4 32. Kf2 h6 33. Ke3 Kf7
34. Kd4 Bd5 35. Kc5 Ke6 36. Bg6 1-0

[Event "25th Czech Open A 2014"]
[Site "Pardubice CZE"]
[Date "2014.07.24"]
[Round "7.16"]
[White "Nakar, Eylon"]
[Black "Megaranto, Susanto"]
[Result "0-1"]
[WhiteTitle "IM"]
[BlackTitle "GM"]
[WhiteElo "2419"]
[BlackElo "2532"]
[WhiteFideId "2811111"]
[BlackFideId "7101384"]
[EventDate "2014.07.18"]

1. e4 e5 2. Nf3 Nc6 3. Bb5 a6 4. Ba4 d6 5. O-O Bd7 6. c4 Nge7 7. Nc3 Ng6 8. d4
Be7 9. Be3 O-O 10. d5 Nb8 11. b4 f5 12. Bxd7 Qxd7 13. Rc1 a5 14. a3 axb4 15.
axb4 Na6 16. Rb1 f4 17. Bd2 Nh4 18. h3 Nxf3+ 19. Qxf3 Rf6 20. Ne2 Rg6 21. Nc1
Rf8 22. Nd3 Rg5 23. Rfc1 Rf6 24. Ra1 Rh6 25. Kf1 Rgh5 26. Qg4 Qe8 27. c5 Rg5 28.
Qf3 Rhg6 29. c6 bxc6 30. Rxa6 Rxg2 31. Raxc6 Rg1+ 32. Ke2 R6g3 33. fxg3 Rxg3 34.
Rxc7 Rxf3 35. Rc8 Bd8 36. Kxf3 Qh5+ 37. Kg2 Kf7 38. Nf2 Bb6 39. Ng4 Qg6 40. Kf3
h5 41. Rh1 Qg5 42. Rb8 Bd4 43. Rb7+ Kg8 44. Rb8+ Kf7 45. Rb7+ Kg8 46. Rd7 hxg4+
47. hxg4 Qf6 48. b5 Bb6 49. Rh5 Qg6 50. Rb7 Qe8 51. Rxb6 Qc8 52. Rc6 Qa8 53. Rh1
Qa2 54. Ke2 Qa4 55. Kd3 Qd4+ 56. Kc2 Qxe4+ 57. Kb2 Qxh1 58. Rxd6 Qf1 59. b6 f3
60. Bb4 Qb5 61. Kc3 f2 62. Rd8+ Kh7 63. Rf8 f1=Q 64. Rxf1 Qxf1 65. b7 Qb5 0-1

[Event "25th Czech Open A 2014"]
[Site "Pardubice CZE"]
[Date "2014.07.24"]
[Round "7.17"]
[White "Cvek, Robert"]
[Black "Vyskocil, Neklan"]
[Result "1-0"]
[WhiteTitle "GM"]
[BlackTitle "IM"]
[WhiteElo "2516"]
[BlackElo "2407"]
[WhiteFideId "307424"]
[BlackFideId "307106"]
[EventDate "2014.07.18"]

1. Nf3 Nf6 2. c4 e6 3. g3 b6 4. Bg2 Bb7 5. O-O Be7 6. Nc3 O-O 7. d4 d5 8. cxd5
exd5 9. Bf4 c5 10. dxc5 Bxc5 11. Nd4 Ne4 12. Ndb5 Na6 13. a3 Re8 14. b4 Be7 15.
Rc1 Bc6 16. Nxe4 Bxb5 17. Nc3 Bc4 18. Nxd5 Bxd5 19. Bxd5 Rc8 20. Bb7 Rxc1 21.
Qxc1 1-0

[Event "25th Czech Open A 2014"]
[Site "Pardubice CZE"]
[Date "2014.07.24"]
[Round "7.18"]
[White "Shalimov, Valery"]
[Black "Teske, Henrik"]
[Result "1/2-1/2"]
[WhiteTitle "IM"]
[BlackTitle "GM"]
[WhiteElo "2412"]
[BlackElo "2512"]
[WhiteFideId "14104881"]
[BlackFideId "4611500"]
[EventDate "2014.07.18"]

1. d4 g6 2. e4 Bg7 3. Nf3 d6 4. c3 Nf6 5. Bd3 O-O 6. O-O Nbd7 7. Re1 e5 8. dxe5
Nxe5 9. Nxe5 dxe5 10. Qc2 Nh5 11. Bf1 Qe7 12. Nd2 Be6 1/2-1/2

[Event "25th Czech Open A 2014"]
[Site "Pardubice CZE"]
[Date "2014.07.24"]
[Round "7.19"]
[White "Bluebaum, Matthias"]
[Black "Musat, Adrian"]
[Result "1/2-1/2"]
[WhiteTitle "IM"]
[BlackTitle "FM"]
[WhiteElo "2510"]
[BlackElo "2401"]
[WhiteFideId "24651516"]
[BlackFideId "1203452"]
[EventDate "2014.07.18"]

1. d4 d5 2. c4 e6 3. Nc3 c5 4. cxd5 exd5 5. Nf3 Nc6 6. dxc5 d4 7. Na4 Bxc5 8.
Nxc5 Qa5+ 9. Bd2 Qxc5 10. b4 Nxb4 11. Rc1 Qd6 12. e3 dxe3 13. Bc3 Qxd1+ 14. Kxd1
Nxa2 15. Bxg7 Nxc1 16. Kxc1 Bd7 17. Bxh8 Rc8+ 18. Kb2 f6 19. Bd3 Kf7 20. fxe3
Ne7 21. Ne5+ fxe5 22. Bxe5 Bf5 23. e4 Bg6 24. h4 h5 25. Rf1+ Ke6 26. Bd4 a6 27.
Rf6+ Kd7 28. Rb6 Kc7 29. Re6 Kd7 30. Rb6 Kc7 31. Rb3 b5 32. Ra3 Kb7 33. Bxb5
axb5 34. Ra7+ Kc6 35. Rxe7 Re8 36. Rg7 Bxe4 37. Rg5 Rd8 38. Rc5+ Kb7 39. Rxb5+
Ka6 40. Rb4 Bxg2 41. Kc3 Rc8+ 42. Kd2 Re8 43. Rb6+ Ka5 44. Rf6 Bh3 45. Kc3 Re6
46. Rxe6 Bxe6 1/2-1/2

[Event "25th Czech Open A 2014"]
[Site "Pardubice CZE"]
[Date "2014.07.24"]
[Round "7.20"]
[White "Neuman, Petr"]
[Black "Potapov, Alexander1"]
[Result "1/2-1/2"]
[WhiteTitle "GM"]
[BlackTitle "GM"]
[WhiteElo "2488"]
[BlackElo "2399"]
[WhiteFideId "305243"]
[BlackFideId "4115074"]
[EventDate "2014.07.18"]

1. d4 f5 2. g3 Nf6 3. Bg2 g6 4. Nf3 Bg7 5. O-O O-O 6. b3 d6 7. Bb2 Ne4 8. c4 Nc6
9. Nbd2 Nxd2 10. Qxd2 e5 11. dxe5 dxe5 12. Qd5+ Kh8 13. Qxd8 Rxd8 14. Ng5 Rd2
15. Bc3 Rc2 16. Rac1 Rxc1 17. Rxc1 e4 18. f3 h6 19. Nh3 Nd4 20. Kf1 exf3 21.
exf3 Be6 22. Re1 Re8 23. Nf4 Bf7 24. Rxe8+ Bxe8 25. Nd3 b5 26. c5 Bc6 27. Kf2
Kg8 28. Ke3 Ne6 29. Bxg7 Kxg7 30. Bf1 Be8 31. f4 a5 32. Bg2 Kf6 33. Bd5 b4 34.
Bxe6 Kxe6 35. Kd4 Bb5 36. Ne5 g5 37. c6 gxf4 38. gxf4 a4 39. Kc5 axb3 40. axb3
Be2 41. Kxb4 Kd5 42. Ka5 Ke4 43. Nf7 Kxf4 44. Nxh6 Bf3 45. Kb5 Bd5 46. b4 Kg5
47. Nxf5 Kxf5 48. Kc5 Bf3 49. b5 Kg4 50. b6 cxb6+ 51. Kxb6 Bxc6 52. Kxc6 Kh3 53.
Kd5 Kxh2 1/2-1/2

[Event "25th Czech Open A 2014"]
[Site "Pardubice CZE"]
[Date "2014.07.24"]
[Round "7.21"]
[White "Sivuk, Vitaly"]
[Black "Saiyn, Zhanat"]
[Result "1-0"]
[WhiteTitle "IM"]
[BlackTitle "FM"]
[WhiteElo "2483"]
[BlackElo "2399"]
[WhiteFideId "14116502"]
[BlackFideId "13703820"]
[EventDate "2014.07.18"]

1. e4 d6 2. d4 Nf6 3. Nc3 e5 4. Nf3 Nbd7 5. Bc4 Be7 6. O-O O-O 7. Re1 c6 8. a4
a5 9. h3 Nb6 10. Ba2 Nfd7 11. Be3 exd4 12. Bxd4 Nc5 13. Bxc5 dxc5 14. Qe2 Qd6
15. Qe3 Qf6 16. Rad1 Be6 17. Bxe6 Qxe6 18. b3 Rfd8 19. Ne2 Rxd1 20. Rxd1 Rd8 21.
Rxd8+ Bxd8 22. c4 Nd7 23. Nf4 Qe7 24. g3 Bc7 25. Nd3 b6 26. Kg2 Qf6 27. e5 Qe6
28. Ng5 Qe8 29. Qe4 Nf8 30. f4 h6 31. Nf3 Qd7 32. f5 Bd8 33. g4 Be7 34. h4 Bd8
35. Nf4 Bc7 36. Kf2 Qe8 37. Ke3 Nd7 38. Nd3 Nf8 39. Ke2 Bb8 40. Kf2 Bc7 41. g5
hxg5 42. hxg5 Bb8 43. Nf4 Bc7 44. e6 fxe6 45. Nxe6 Bd6 46. Ke3 Nxe6 47. Qxe6+
Qxe6+ 48. fxe6 g6 49. Nh4 Kh7 50. Ke4 Kg7 51. Kf3 Be7 52. Kf4 Bd6+ 53. Ke4 Bf8
54. Ke5 Be7 55. Ng2 Bxg5 56. Kd6 Kf8 57. Kd7 Bf6 58. Ne3 Be7 59. Ng4 g5 60. Kxc6
Kg7 61. Kd7 Kf8 62. Ne3 Bf6 63. Nd5 g4 64. Nxf6 g3 65. e7+ Kf7 66. Nh5 1-0

[Event "25th Czech Open A 2014"]
[Site "Pardubice CZE"]
[Date "2014.07.24"]
[Round "7.22"]
[White "Lalic, Bogdan"]
[Black "Manik, Mikulas"]
[Result "1/2-1/2"]
[WhiteTitle "GM"]
[BlackTitle "GM"]
[WhiteElo "2482"]
[BlackElo "2394"]
[WhiteFideId "409081"]
[BlackFideId "14900734"]
[EventDate "2014.07.18"]

1. d4 Nf6 2. c4 g6 3. Nc3 Bg7 4. e4 d6 5. Nf3 O-O 6. Be2 e5 7. O-O c6 8. d5 Na6
9. Nd2 Ne8 10. Rb1 c5 11. a3 f5 12. b4 Nf6 13. Qc2 1/2-1/2

[Event "25th Czech Open A 2014"]
[Site "Pardubice CZE"]
[Date "2014.07.24"]
[Round "7.23"]
[White "Gutman, Gennadi"]
[Black "Satyapragyan, Swayangsu"]
[Result "1/2-1/2"]
[WhiteTitle "GM"]
[BlackTitle "IM"]
[WhiteElo "2479"]
[BlackElo "2393"]
[WhiteFideId "14102277"]
[BlackFideId "5004306"]
[EventDate "2014.07.18"]

1. d4 Nf6 2. Nf3 e6 3. c4 Bb4+ 4. Bd2 Qe7 5. g3 Nc6 6. Nc3 O-O 7. Bg2 Na5 8. b3
b6 9. O-O Bb7 10. Rc1 Rac8 11. d5 c6 12. e4 Bxc3 13. Bxc3 Nxe4 14. d6 Nxd6 15.
Qd3 c5 16. Rfe1 Ne8 17. Re5 f5 18. Rce1 Nc6 19. R5e2 Nb4 20. Qd1 Nf6 21. a3 Ne4
22. Bb2 Nc6 23. Nh4 Qf7 24. f3 Nf6 25. f4 Ne4 26. Bxe4 fxe4 27. Rxe4 Rcd8 28.
Qg4 d5 1/2-1/2

[Event "25th Czech Open A 2014"]
[Site "Pardubice CZE"]
[Date "2014.07.24"]
[Round "7.24"]
[White "Simacek, Pavel"]
[Black "Garcia Roman, Daniel"]
[Result "1/2-1/2"]
[WhiteTitle "IM"]
[BlackTitle "IM"]
[WhiteElo "2470"]
[BlackElo "2379"]
[WhiteFideId "307165"]
[BlackFideId "2215870"]
[EventDate "2014.07.18"]

1. e4 e6 2. d4 d5 3. e5 c5 4. c3 Qb6 5. Nf3 Nc6 6. a3 Bd7 7. b4 cxd4 8. cxd4 Rc8
9. Bb2 Na5 10. Nbd2 Nc4 11. Nxc4 dxc4 12. Qc2 Ne7 13. Rc1 a5 14. Bxc4 axb4 15.
O-O Nd5 16. Qd3 bxa3 17. Bxa3 Bxa3 18. Qxa3 Qb4 19. Qd3 Nf4 20. Qe4 Rxc4 21. Rb1
Qe7 22. Qxf4 Bc6 23. Nd2 Rb4 24. Rxb4 Qxb4 25. Rb1 Qa4 26. Ne4 Bxe4 27. Qxe4 O-O
28. h3 b5 1/2-1/2

[Event "25th Czech Open A 2014"]
[Site "Pardubice CZE"]
[Date "2014.07.24"]
[Round "7.25"]
[White "Jasny, Stanislav"]
[Black "Alekseenko, Kirill"]
[Result "0-1"]
[WhiteTitle "IM"]
[BlackTitle "FM"]
[WhiteElo "2385"]
[BlackElo "2468"]
[WhiteFideId "311030"]
[BlackFideId "4135539"]
[EventDate "2014.07.18"]

1. c4 Nf6 2. d4 e6 3. Nc3 Bb4 4. e3 O-O 5. Bd3 d5 6. a3 Bxc3+ 7. bxc3 c5 8. cxd5
exd5 9. Ne2 Nc6 10. O-O Bg4 11. f3 Bh5 12. Nf4 Bg6 13. Nxg6 hxg6 14. g4 Nd7 15.
Ra2 Re8 16. Bb1 Qa5 17. Qd3 Qd8 18. Rg2 Rc8 19. g5 Na5 20. e4 cxd4 21. cxd4 Nf8
22. Ba2 Nc4 23. a4 a6 24. e5 Qd7 25. Bb1 Nb6 26. a5 Na4 27. Bb2 Ne6 28. f4 Qb5
29. f5 Qxd3 30. Bxd3 gxf5 31. Bxf5 g6 32. Bb1 Nc3 33. Bxc3 Rxc3 34. Ba2 Rd8 35.
h4 Nxd4 36. h5 Nf3+ 37. Kh1 Nxe5 38. hxg6 Nxg6 39. Rgf2 Rd7 40. Rf5 Rc5 41. Rd1
Ne7 0-1

[Event "25th Czech Open A 2014"]
[Site "Pardubice CZE"]
[Date "2014.07.24"]
[Round "7.26"]
[White "Akesson, Ralf"]
[Black "Nun, Jiri"]
[Result "1-0"]
[WhiteTitle "GM"]
[BlackTitle "IM"]
[WhiteElo "2462"]
[BlackElo "2351"]
[WhiteFideId "1700120"]
[BlackFideId "300179"]
[EventDate "2014.07.18"]

1. d4 c5 2. d5 g6 3. e4 Bg7 4. c4 d6 5. Bd3 e6 6. Nc3 Bxc3+ 7. bxc3 e5 8. f4 Qa5
9. Qc2 Nd7 10. Nf3 f6 11. O-O Qc7 12. Qf2 b6 13. Qh4 Bb7 14. Qh3 Nf8 15. fxe5
dxe5 16. Bc2 Bc8 17. Ba4+ Bd7 18. Bxd7+ Qxd7 19. Qg3 Qd6 20. a4 a5 21. Nxe5 fxe5
22. Qf3 O-O-O 23. Bg5 Nd7 24. Qf7 Rf8 25. Qe6 Qxe6 26. dxe6 Ngf6 27. Bh6 Re8 28.
exd7+ Nxd7 29. Rf7 Re6 30. Raf1 Rd6 31. Re7 g5 32. Bg7 Rg8 33. Rff7 h5 34. h3 g4
35. hxg4 hxg4 36. Kf2 Rd3 37. Ke2 Rd6 38. Bxe5 Nxe5 39. Rxe5 Rd7 40. Ree7 Rxe7
41. Rxe7 Rg6 42. Ke3 Kd8 43. Rb7 1-0

[Event "25th Czech Open A 2014"]
[Site "Pardubice CZE"]
[Date "2014.07.24"]
[Round "7.27"]
[White "Vishnu Prasanna, V"]
[Black "Vetoshko, Volodymyr"]
[Result "1/2-1/2"]
[WhiteTitle "GM"]
[BlackTitle "FM"]
[WhiteElo "2459"]
[BlackElo "2338"]
[WhiteFideId "5030692"]
[BlackFideId "14122480"]
[EventDate "2014.07.18"]

1. c4 e6 2. Nf3 d5 3. g3 Nf6 4. Bg2 dxc4 5. O-O a6 6. Qc2 Nbd7 7. a4 c5 8. Na3
b5 9. d3 cxd3 10. Qxd3 c4 11. Qb1 Bb7 12. Bg5 Qb6 13. Nc2 Bc5 14. b3 Ne4 15. Be3
Bxe3 16. Nxe3 Nxf2 17. Rxf2 Qxe3 18. bxc4 Nf6 19. Qc1 Qxc1+ 20. Rxc1 bxa4 21.
Ra1 Ng4 22. Rff1 Ne3 23. Rfc1 Bc6 24. Ne5 Bxg2 25. Rc3 Nd5 26. cxd5 Bxd5 27.
Rxa4 f6 28. Nd3 O-O 29. Nb4 Bb7 30. Rca3 Kf7 31. Nxa6 Bxa6 32. Rxa6 Rxa6 33.
Rxa6 e5 34. Kf2 Kg6 35. h3 Rb8 36. Ra7 Rb3 37. Re7 h5 38. h4 Ra3 39. Rc7 Ra8 40.
Rb7 Rf8 41. Kf3 Rf7 42. Rb8 Rc7 43. e4 Rc3+ 44. Kf2 Rc6 45. Kf3 f5 46. Re8 fxe4+
47. Kxe4 Rc4+ 48. Kxe5 Rg4 49. Re6+ Kh7 50. Rd6 Rxg3 51. Rd4 Kh6 52. Rd6+ g6 53.
Rd4 Re3+ 54. Re4 Rf3 55. Rf4 Rg3 56. Rd4 Ra3 57. Rb4 Ra8 58. Kf4 Ra3 59. Ke5 1/2-1/2

[Event "25th Czech Open A 2014"]
[Site "Pardubice CZE"]
[Date "2014.07.24"]
[Round "7.28"]
[White "Repka, Christopher"]
[Black "Mammadov, Zaur"]
[Result "0-1"]
[BlackTitle "IM"]
[WhiteElo "2380"]
[BlackElo "2441"]
[WhiteFideId "14918781"]
[BlackFideId "13401033"]
[EventDate "2014.07.18"]

1. d4 d5 2. c4 c6 3. e3 Nf6 4. Nf3 e6 5. Nc3 Nbd7 6. Qc2 Bd6 7. Bd3 O-O 8. O-O
dxc4 9. Bxc4 a6 10. a4 Qc7 11. Ne4 Nxe4 12. Qxe4 e5 13. dxe5 Nxe5 14. Nxe5 Bxe5
15. f4 Bf6 16. Bd2 Bd7 17. Qc2 Rfe8 18. a5 c5 19. e4 Bd4+ 20. Kh1 Bb5 21. Bxb5
axb5 22. e5 Rec8 23. Rad1 Rd8 24. Rde1 Qc6 25. Qb3 Ra6 26. f5 Bxe5 27. Rxe5 Rxd2
28. Qg3 Ra8 29. f6 g6 30. Qg5 Rc2 31. Rd5 Re8 32. h3 Kh8 33. Qh6 Rg8 34. Qg5 b4
35. Rfd1 Rf2 36. Rd6 Rf1+ 37. Rxf1 Qxd6 38. Re1 c4 39. Rc1 Rc8 40. Qg4 Qe6 41.
Qf4 Kg8 42. Rf1 Qf5 43. Qc1 Qc5 44. Qd2 c3 45. bxc3 bxc3 46. Qh6 Qf8 47. Qe3 c2
48. Qd2 Rc6 49. Rc1 Qc8 50. Qd4 h5 51. Qb2 Kh7 52. Qb3 Qc7 53. Kg1 Rc3 54. Qd5
Kg8 55. Qe4 Kh7 56. Qe7 Qc5+ 57. Kh2 Qd5 58. Kg1 Rc8 59. Qe2 Qc5+ 60. Kh1 Rc7
61. Qe8 Qf5 62. Qe2 Qxf6 63. Rxc2 Rxc2 64. Qxc2 Qa1+ 65. Kh2 Qxa5 66. Qb3 Qc7+
67. Kg1 b6 68. Kf2 Qc5+ 69. Kf3 Kg8 70. g4 hxg4+ 71. hxg4 b5 72. Ke4 0-1

[Event "25th Czech Open A 2014"]
[Site "Pardubice CZE"]
[Date "2014.07.24"]
[Round "7.29"]
[White "Rojicek, Vojtech"]
[Black "Constantinou, Peter"]
[Result "1/2-1/2"]
[WhiteTitle "IM"]
[BlackTitle "FM"]
[WhiteElo "2433"]
[BlackElo "2285"]
[WhiteFideId "319902"]
[BlackFideId "413038"]
[EventDate "2014.07.18"]

1. d4 d5 2. c4 c6 3. Nf3 Nf6 4. Nc3 dxc4 5. a4 Bf5 6. Ne5 Nbd7 7. Nxc4 Nb6 8.
Ne5 e6 9. a5 Nbd7 10. Nc4 b5 11. Ne3 Bg6 12. g3 b4 13. Nb1 Be4 14. f3 Bxb1 15.
Rxb1 Qxa5 16. Nc4 Qa2 17. Qd3 Rd8 18. Bf4 Nc5 19. Qc2 Rxd4 20. e3 Rd8 21. Kf2
Qb3 22. Qc1 Be7 23. Ne5 Rd2+ 24. Be2 O-O 25. Rd1 Rc2 26. Nxc6 Nd5 27. Nxe7+ Nxe7
28. Bd6 Rxc1 29. Rbxc1 Re8 30. Bxe7 Na4 31. Rd2 Nb6 32. Bd1 Qa2 33. Bxb4 Qa6 34.
Bc5 h6 35. Be2 Qb7 36. b4 Rc8 37. Ra1 Rb8 38. Rda2 Nc8 39. b5 Qd5 40. Bxa7 Nxa7
41. Rxa7 Qh5 42. Kg2 Qc5 43. Ra8 Rxa8 44. Rxa8+ Kh7 45. Kf2 Qh5 46. h4 Qc5 47.
Ra6 g6 48. Rc6 Qa7 49. f4 Qb7 50. e4 Qd7 51. Ke3 e5 52. fxe5 Qh3 53. Rf6 Qxg3+
54. Kd4 Qg1+ 55. Kd5 Qe3 56. Bc4 Qd2+ 57. Kc6 Qc3 58. Rxf7+ Kg8 59. Kc5 Qe3+ 60.
Kc6 Qc3 61. Kc5 Qe3+ 62. Kb4 Qe1+ 63. Kb3 Qb1+ 64. Kc3 Qc1+ 65. Kb4 Qe1+ 66. Ka4
Qa1+ 67. Kb4 1/2-1/2

[Event "25th Czech Open A 2014"]
[Site "Pardubice CZE"]
[Date "2014.07.24"]
[Round "7.30"]
[White "Braeuer, Franz"]
[Black "Biolek, Richard Jr."]
[Result "0-1"]
[BlackTitle "IM"]
[WhiteElo "2317"]
[BlackElo "2429"]
[WhiteFideId "24634468"]
[BlackFideId "319996"]
[EventDate "2014.07.18"]

1. e4 e5 2. Nf3 Nc6 3. Bb5 a6 4. Ba4 Nf6 5. d3 b5 6. Bb3 Bc5 7. O-O d6 8. c3 h6
9. a4 Rb8 10. axb5 axb5 11. Be3 Bxe3 12. fxe3 O-O 13. Nbd2 Ne7 14. d4 Ng6 15.
Bc2 Re8 16. Re1 Bb7 17. Ra7 Qc8 18. h3 Ra8 19. Qa1 Qd7 20. Rxa8 Rxa8 21. Qb1 Qc6
22. Bd3 Qb6 23. Kh1 c5 24. d5 Bc8 25. b3 Bd7 26. Qb2 Qa7 27. Kg1 Ne8 28. c4 b4
29. Kf2 Nf6 30. Rb1 Nh7 31. Ke2 Ne7 32. Ne1 Ng5 33. Nc2 Rf8 34. Ra1 Qb8 35. Qa2
f5 36. exf5 Nxf5 37. Bxf5 Bxf5 38. Rf1 Qe8 39. Ne1 Qh5+ 40. g4 Bxg4+ 41. hxg4
Qxg4+ 42. Kd3 Rxf1 43. Nxf1 Qd1+ 44. Qd2 e4# 0-1